[Event "Ibiza Summer op 4th"]
[Site "Ibiza"]
[Date "2016.06.25"]
[Round "4"]
[White "Prohens Lopez, Aitor"]
[Black "Costa Laudisio, Arnau"]
[Result "1/2-1/2"]
[WhiteElo "1728"]
[BlackElo "1656"]
[PlyCount "100"]
[EventDate "2016.06.24"]
[EventType "swiss"]
[EventRounds "6"]
[EventCountry "ESP"]
[SourceTitle "CBM 173 Extra"]
[Source "ChessBase"]
[SourceDate "2016.08.29"]
[SourceVersion "1"]
[SourceVersionDate "2016.08.29"]
[SourceQuality "1"]

1. e4 e6 2. d4 d5 3. Nc3 Nf6 4. e5 Nfd7 5. f4 c5 6. Nf3 Nc6 7. Be3 Qb6 8. Na4 Qa5+ 9. c3 cxd4 10. b4 Qd8 11. Nxd4 Nxd4 12. Bxd4 a5 13. a3 Be7 14. Qg4 0-0 15. Bd3 f5 16. Qh5 g6 17. Qf3 axb4 18. axb4 b6 19. Qe2 Bb7 20. 0-0 Bc6 21. Nb2 Qc7 22. Qf2 Rxa1 23. Rxa1 Ra8 24. Qe1 Qb7 25. Qc1 Bd8 26. Nd1 b5 27. Ra3 Bb6 28. Qa1 Bxd4+ 29. cxd4 Rxa3 30. Qxa3 Nb6 31. Qa5 Nd7 32. Nc3 Qb6 33. Qxb6 Nxb6 34. Nxb5 Bxb5 35. Bxb5 Kf7 36. Kf2 Ke7 37. Ke2 Kd8 38. Kd2 Na8 39. Kc3 Nb6 40. Kb3 Kc7 41. Bd3 Kd7 42. b5 Kc7 43. Kb4 Kb7 44. Kc5 Kc7 45. Kb4 Kb7 46. g3 Kc7 47. Be2 Na8 48. h3 Kb6 49. g4 Nc7 50. gxf5 gxf5 1/2-1/2